Gaming Quiz

Random Gaming or Video Games Quiz
Score 0/25 Timer 05:00
2 Plays Today
Characters Game % Correct
Giovanni, ZubatPokémon Red/Blue/Yellow
68.1%
Slippy Toad, Wolf O'DonnellStar Fox 64
47.4%
Morton Koopa Jr., Chargin' ChuckSuper Mario World
46.4%
President John Henry Eden, Sarah LyonsFallout 3
46.2%
Dr. Neo Cortex, TawnaCrash Bandicoot
44.6%
Tatl, Happy Mask SalesmanLegend of Zelda: Majora's Mask
44.2%
Kairi, TiggerKingdom Hearts
41.8%
Killer Croc, Mr. ZsaszBatman: Arkham Asylum
38.1%
Meta Ridley, Chozo GhostMetroid Prime
37.8%
Playboy X, Dimitri RascalovGrand Theft Auto IV
37.2%
Natalya Simonova, Xenia OnatoppGoldeneye 007
33.8%
Axel Steel, Grim RipperGuitar Hero
31.7%
Jinjo, GobiBanjo-Kazooie
29.4%
Characters Game % Correct
Bonnie MacFarlane, Nigel West DickensRed Dead Redemption
29.3%
Poo, GiygasEarthbound
29%
Bombette, Lady BowPaper Mario
28.3%
Carth Onasi, HK-47Star Wars: Knights of the Old Republic
26.8%
Irvine Kinneas, Edea Kramer Final Fantasy VIII
25.9%
Squawks, KlubbaDonkey Kong Country 2: Diddy's Kong Quest
24.2%
Fatman, Emma EmmerichMetal Gear Solid 2
23.1%
Lucca, Queen ZealChrono Trigger
21.6%
Maria Renard, Richter BelmontCastlevania: Symphony of the Night
14.6%
Orochi, SusanoOkami
13.5%
James Sunderland, Eddie DombrowskiSilent Hill 2
12.8%
Delita Hyral, Cidolfas OrlanduFinal Fantasy Tactics
6.8%
Remove Ads.
Support Sporcle.
Get the best of Sporcle when you Go Orange. This ad-free experience offers more features, more stats, and more fun while also helping to support Sporcle. Thank you for becoming a member.

You're not logged in!

Compare scores with friends on all Sporcle quizzes.
OR
Log In

Show Comments

Extras

Top Quizzes Today


Score Distribution

Your Account Isn't Verified!

In order to create a playlist on Sporcle, you need to verify the email address you used during registration. Go to your Sporcle Settings to finish the process.

Report this User

Report this user for behavior that violates our Community Guidelines.

Details: